United Kingdom Citizenship test - Statistics

General Stats
  • This quiz has been taken 1,686 times
  • The average score is 5 of 11
Answer Stats
Hint Answer % Correct
At her jubilee in 2012, how many years as queen did Queen Elizabeth II celebrate? 60
85%
What flower is traditionally worn by people on Remembrance Day? Poppy
79%
Who is the patron saint of Scotland? St Andrew
76%
Brussels
72%
Where in the UK is "Ulster Scots" a spoken dialect? Northern Ireland
57%
What is another name for the Church of England? Anglican
47%
The second largest party in the House of Commons is usually known by what name? Opposition
47%
The number of children and young people up to the age of 19 in the UK is how many Million? 15
42%
In which two European cities does the European Parliament meet? Strasbourg
31%
How many parliamentary constituencies are there? 646
6%
In which year did married women get the right to divorce their husband? 1857
3%
No matching quizzes found
Score Distribution
Percent of People with Each Score
Percentile by Number Answered
Your Score History
You have not taken this quiz